000 00534nam a22001817a 4500
005 20251108171207.0
008 250721s1986 xx 000 0 ara d
082 1 4 _aط/ق/كون
100 1 _aكونيرز، كسندرا
245 1 0 _aالفيل الكبير /
264 1 _aبيروت :
_bدار القبس للنشر و التوزيع،
_c1986.
300 _a12ص : مص
490 0 _aكتابي المقوى
650 1 7 _aأدب الأطفال
650 1 7 _aالقصص العربية
942 _2ddc
_cBK
999 _c58997
_d58997